[Event "GER-chT U20 Girls"]
[Site "Magdeburg"]
[Date "2023.12.28"]
[Round "3.4"]
[White "Frowein, Jamie"]
[Black "Neininger, Sarah"]
[Result "1-0"]
[WhiteElo "1430"]
[BlackElo "1611"]
[PlyCount "81"]
[EventDate "2023.12.26"]
[EventType "team-swiss"]
[EventRounds "7"]
[EventCountry "GER"]
[SourceTitle "CB03_2024"]
[SourceDate "2024.01.17"]
[SourceVersion "1"]
[SourceVersionDate "2024.01.17"]
[SourceQuality "1"]
[WhiteTeam "Garching"]
[BlackTeam "Offenbach"]
[WhiteTeamCountry "GER"]
[BlackTeamCountry "GER"]

1. c4 c5 2. Nf3 Nf6 3. Nc3 d5 4. cxd5 Nxd5 5. e3 e6 6. Be2 Be7 7. 0-0 0-0 8. d4 Nc6 9. a3 Bf6 10. Ne4 cxd4 11. Nxf6+ Qxf6 12. Nxd4 Nxd4 13. Qxd4 Qxd4 14. exd4 Rd8 15. Rd1 b6 16. Bg5 f6 17. Bh4 Bb7 18. Bg4 Kf8 19. Bg3 Rac8 20. Rac1 Rxc1 21. Rxc1 Rc8 22. Re1 Rc2 23. Bd6+ Kf7 24. Bxe6+ Kg6 25. b4 Rd2 26. h3 Rxd4 27. Bg4 Nc3 28. Bb8 Nb5 29. Re7 Be4 30. Bxa7 Nxa3 31. Bxb6 Rc4 32. Bc5 Bc6 33. Be6 Rc1+ 34. Kh2 Nc4 35. Bf7+ Kf5 36. Be6+ Kg6 37. Rc7 Bb5 38. Be3 Rc2 39. Bf7+ Kf5 40. Rc5+ Ke4 41. Bd5+ 1-0

[Event "GER-chT U16 Girls"]
[Site "Neumuenster"]
[Date "2022.12.30"]
[Round "7"]
[White "Neininger, Sarah"]
[Black "Wu, Yvonne Yihan"]
[Result "1-0"]
[WhiteElo "1442"]
[BlackElo "1295"]
[PlyCount "75"]
[EventDate "2022.12.26"]
[EventType "team-swiss"]
[EventRounds "7"]
[EventCountry "GER"]
[SourceTitle "CBM 212 Extra"]
[Source "ChessBase"]
[SourceDate "2023.03.31"]
[SourceVersion "1"]
[SourceVersionDate "2023.03.31"]
[SourceQuality "1"]
[WhiteTeam "Offenbach"]
[BlackTeam "Hamburger SK"]
[WhiteTeamCountry "GER"]
[BlackTeamCountry "GER"]

1. e4 c6 2. d4 d5 3. Nc3 dxe4 4. Nxe4 Nf6 5. Nxf6+ exf6 6. Nf3 Bd6 7. Bd3 0-0 8. 0-0 Re8 9. h3 Be6 10. c3 Nd7 11. Be3 Qc7 12. Re1 Nb6 13. Qc2 h6 14. c4 Bf4 15. Bxf4 Qxf4 16. Re4 Qc7 17. Rae1 Re7 18. R4e3 Rae8 19. b3 Nc8 20. Nh4 g6 21. Bxg6 fxg6 22. Nxg6 Rd7 23. Rxe6 Rxe6 24. Rxe6 Rd6 25. Rxf6 Qd7 26. Ne5 Rxd4 27. Qg6+ Qg7 28. Qe8+ Kh7 29. Rf7 Rd1+ 30. Kh2 Nd6 31. Rxg7+ Kxg7 32. Qg6+ Kf8 33. c5 Ke7 34. cxd6+ Rxd6 35. Qf7+ Kd8 36. Qxb7 Rd2 37. Nxc6+ Ke8 38. Qe7# 1-0

[Event "GER-chT U16 Girls"]
[Site "Neumuenster"]
[Date "2022.12.27"]
[Round "1"]
[White "Petrosyan, Ani"]
[Black "Neininger, Sarah"]
[Result "1/2-1/2"]
[WhiteElo "1326"]
[BlackElo "1442"]
[PlyCount "78"]
[EventDate "2022.12.26"]
[EventType "team-swiss"]
[EventRounds "7"]
[EventCountry "GER"]
[SourceTitle "CBM 212 Extra"]
[Source "ChessBase"]
[SourceDate "2023.03.31"]
[SourceVersion "1"]
[SourceVersionDate "2023.03.31"]
[SourceQuality "1"]
[WhiteTeam "Norderstedt"]
[BlackTeam "Offenbach"]
[WhiteTeamCountry "GER"]
[BlackTeamCountry "GER"]

1. Nf3 d5 2. e3 e6 3. c4 c6 4. b3 f5 5. Bb2 Nf6 6. Nc3 Bd6 7. Be2 0-0 8. 0-0 Qe8 9. Qc2 Qg6 10. g3 Qh6 11. d3 Ng4 12. Kg2 Nd7 13. h3 Nge5 14. e4 Nxf3 15. Bxf3 fxe4 16. dxe4 d4 17. Nd1 c5 18. b4 e5 19. Be2 cxb4 20. f4 exf4 21. Bxd4 fxg3 22. Ne3 Ne5 23. Nf5 Bxf5 24. exf5 Nc6 25. Bb2 Rae8 26. Rae1 Qg5 27. c5 Bc7 28. Bc4+ Kh8 29. Rxe8 Rxe8 30. f6 Be5 31. fxg7+ Bxg7 32. Bxg7+ Qxg7 33. Rf7 Qh6 34. Rxb7 Re7 35. Qb2+ Qg7 36. Qxg7+ Kxg7 37. Rxe7+ Nxe7 38. Kxg3 a5 39. Kf4 Kf6 1/2-1/2

[Event "GER-chT Lands U20"]
[Site "Wiesbaden"]
[Date "2022.10.03"]
[Round "5.4"]
[White "Halas, Neele Zoe"]
[Black "Neininger, Sarah"]
[Result "0-1"]
[WhiteElo "1392"]
[BlackElo "1589"]
[PlyCount "92"]
[EventDate "2022.09.30"]
[EventType "team-swiss"]
[EventRounds "7"]
[EventCountry "GER"]
[SourceTitle "CBM 210 Extra"]
[Source "ChessBase"]
[SourceDate "2022.11.30"]
[SourceVersion "1"]
[SourceVersionDate "2022.11.30"]
[SourceQuality "1"]
[WhiteTeam "Sachsen U20"]
[BlackTeam "Hessen U20"]
[WhiteTeamCountry "GER"]
[BlackTeamCountry "GER"]

1. e4 c6 2. d4 d5 3. exd5 cxd5 4. Bd3 Qc7 5. c3 Nc6 6. Ne2 Bg4 7. f3 Bd7 8. 0-0 e6 9. Bf4 Bd6 10. Bxd6 Qxd6 11. Nd2 Nf6 12. Nb3 b6 13. Qc2 0-0 14. Rae1 Rfe8 15. Ng3 h6 16. Re2 Rac8 17. Qb1 h5 18. Rfe1 h4 19. Nh1 Qf4 20. Qc1 Nh5 21. Qxf4 Nxf4 22. Re3 Nxd3 23. Rxd3 Ne7 24. g3 Ng6 25. Rde3 hxg3 26. hxg3 Kh7 27. Nf2 Kh6 28. Kg2 Kg5 29. Ng4 f6 30. Nf2 e5 31. Nh3+ Bxh3+ 32. Kxh3 Kf5 33. dxe5 fxe5 34. Nd4+ Kf6 35. Kg4 Rc4 36. b3 Rc7 37. Nb5 Rce7 38. Nd6 Rd8 39. Nf5 Rc7 40. Rd1 Rcd7 41. Red3 e4 42. Rxd5 Rxd5 43. Rxd5 Rxd5 44. fxe4 Rd3 45. c4 Ne5+ 46. Kf4 g5# 0-1

[Event "GER-ch U12 Girls"]
[Site "Willingen"]
[Date "2021.08.24"]
[Round "3"]
[White "Stasaitis, Paulina"]
[Black "Neininger, Sarah"]
[Result "1/2-1/2"]
[WhiteElo "1321"]
[BlackElo "1434"]
[PlyCount "111"]
[EventDate "2021.08.22"]
[EventType "swiss"]
[EventRounds "9"]
[EventCountry "GER"]
[SourceTitle "EXT 2022"]
[Source "ChessBase"]
[SourceDate "2021.10.06"]
[SourceVersion "1"]
[SourceVersionDate "2021.10.06"]
[SourceQuality "1"]

1. d4 d5 2. Nf3 c5 3. e3 Nc6 4. b3 Nf6 5. Bd3 Ne4 6. Bb2 cxd4 7. Nxd4 Qa5+ 8. Nd2 Nxd2 9. Qxd2 Qxd2+ 10. Kxd2 e6 11. Nxc6 bxc6 12. c4 Bb4+ 13. Ke2 0-0 14. a3 Bd6 15. f4 f6 16. Rhf1 e5 17. fxe5 Bg4+ 18. Kd2 Bxe5 19. Bd4 Rab8 20. cxd5 cxd5 21. Rab1 Bxh2 22. Bxa7 Ra8 23. Bc5 Rfc8 24. Rfc1 d4 25. a4 dxe3+ 26. Bxe3 Be6 27. Rxc8+ Rxc8 28. b4 Be5 29. Bc5 Rd8 30. Ke3 Rxd3+ 31. Kxd3 Bf5+ 32. Kc4 Bxb1 33. b5 Be4 34. g4 Bb8 35. a5 f5 36. gxf5 Bxf5 37. b6 Bc8 38. Kb5 Bd7+ 39. Ka6 Bc6 40. b7 h5 41. Ba7 Bc7 42. b8Q+ Bxb8 43. Bxb8 h4 44. Kb6 Be4 45. a6 g5 46. Be5 g4 47. Kc5 g3 48. Kd4 Ba8 49. Ke3 Kf7 50. Kf4 Ke6 51. Bd4 Kd5 52. Bg1 Kc4 53. Kg4 Kc3 54. Kxh4 g2 55. Kg3 Kd2 56. Kh2 1/2-1/2

[Event "GER-ch U10 Girls"]
[Site "Willingen"]
[Date "2020.10.31"]
[Round "7"]
[White "Trunz, Tamila"]
[Black "Neininger, Sarah"]
[Result "1-0"]
[WhiteElo "1379"]
[BlackElo "1469"]
[PlyCount "83"]
[EventDate "2020.10.26"]
[EventType "swiss"]
[EventRounds "7"]
[EventCountry "GER"]
[SourceTitle "CBM 199 Extra"]
[Source "ChessBase"]
[SourceDate "2021.01.31"]
[SourceVersion "1"]
[SourceVersionDate "2021.01.31"]
[SourceQuality "1"]

1. e4 c5 2. Nc3 Nc6 3. g3 g6 4. Bg2 Bg7 5. d3 Nf6 6. Be3 d6 7. h3 0-0 8. Qd2 Nd4 9. Nd1 d5 10. c3 Ne6 11. Bh6 dxe4 12. Bxg7 Kxg7 13. dxe4 Qxd2+ 14. Kxd2 Ng5 15. e5 Nd7 16. f4 Ne6 17. Ke3 f6 18. exf6+ exf6 19. g4 Re8 20. Kf3 b6 21. Kg3 Rb8 22. Ne3 Nc7 23. Nc4 b5 24. Nd6 Re6 25. Rd1 Nf8 26. h4 Ne8 27. Nxc8 Rxc8 28. Nf3 Rc7 29. h5 Rd7 30. Rxd7+ Nxd7 31. Rd1 Rd6 32. Re1 Kf7 33. hxg6+ hxg6 34. Nh4 g5 35. fxg5 fxg5 36. Nf5 Re6 37. Bd5 Nc7 38. Bxe6+ Nxe6 39. Nd6+ Kf6 40. Nxb5 a6 41. Nd6 Nf4 42. Ne4+ 1-0

[Event "Bad Soden U10 op"]
[Site "Bad Soden"]
[Date "2019.10.03"]
[Round "1"]
[White "Neininger, Sarah"]
[Black "Zhao, Yunsheng"]
[Result "1-0"]
[WhiteElo "1113"]
[BlackElo "755"]
[PlyCount "63"]
[EventDate "2019.10.03"]
[EventType "swiss"]
[EventRounds "9"]
[EventCountry "GER"]
[SourceTitle "CBM 192 Extra"]
[Source "Chessbase"]
[SourceDate "2019.11.06"]
[SourceVersion "1"]
[SourceVersionDate "2019.11.06"]
[SourceQuality "1"]

1. e4 e5 2. Nf3 Nc6 3. d4 exd4 4. Bc4 Nf6 5. 0-0 Bc5 6. e5 Ng8 7. c3 dxc3 8. Bxf7+ Kxf7 9. Qd5+ Ke8 10. Qxc5 b6 11. Qxc3 Nge7 12. Bg5 h6 13. Be3 Kf7 14. Qc4+ Ke8 15. Nc3 d6 16. Rad1 Bb7 17. Qf4 Rf8 18. Qg3 Nf5 19. Qg6+ Kd7 20. exd6 Rf6 21. Qg4 cxd6 22. Nh4 Nce7 23. Nxf5 Nxf5 24. Rfe1 Kc7 25. Bf4 g5 26. Be5 Rf7 27. Qc4+ Kb8 28. Qxf7 Nh4 29. Bxd6+ Kc8 30. Re8 Nf3+ 31. gxf3 Bxf3 32. Qc7# 1-0